[Event "POR-ch U14"]
[Site "Luso"]
[Date "2015.07.26"]
[Round "7"]
[White "Nunes, Eduardo Tavares"]
[Black "Dias, Ruben"]
[Result "0-1"]
[WhiteElo "1290"]
[BlackElo "1589"]
[PlyCount "140"]
[EventDate "2015.07.22"]
[EventType "swiss"]
[EventRounds "7"]
[EventCountry "POR"]
[SourceTitle "EXT 2018"]
[Source "ChessBase"]
[SourceDate "2017.10.13"]
[SourceVersion "1"]
[SourceVersionDate "2017.10.13"]
[SourceQuality "1"]

1. e4 e5 2. Nf3 Nc6 3. d4 exd4 4. Nxd4 Qf6 5. Be3 Bc5 6. c3 Nge7 7. Bc4 d6 8. 0-0 Bb6 9. f4 Be6 10. Be2 0-0-0 11. Qd3 Nxd4 12. cxd4 d5 13. f5 dxe4 14. Qxe4 Bd5 15. Qg4 h6 16. Nc3 Bc6 17. Rad1 Nd5 18. Nxd5 Bxd5 19. b3 Rhe8 20. Qf4 Bc6 21. Bf3 Rxe3 22. Qxe3 Bxd4 23. Rxd4 Qxd4 24. Qxd4 Rxd4 25. h3 Bxf3 26. Rxf3 Rd6 27. g4 c5 28. Rc3 Rc6 29. Kf2 Kd7 30. Ke3 b5 31. a3 g6 32. Ke4 c4 33. Kd5 Rd6+ 34. Ke4 gxf5+ 35. gxf5 cxb3 36. Rxb3 a6 37. h4 Rd1 38. Ke5 Rd6 39. Ke4 Rb6 40. Kd5 Rc6 41. Ke5 Rd6 42. h5 Rb6 43. Ke4 a5 44. Kd4 b4 45. Kc5 Rc6+ 46. Kd4 Rc3 47. Rxc3 bxc3 48. Kxc3 Kd6 49. Kc4 Ke5 50. Kb5 Kxf5 51. Kxa5 Kg5 52. Kb4 f5 53. a4 f4 54. a5 f3 55. a6 f2 56. a7 f1Q 57. a8Q Qb1+ 58. Kc5 Qc2+ 59. Kb4 Kxh5 60. Qe8+ Qg6 61. Qe5+ Qg5 62. Qe8+ Kh4 63. Qe1+ Qg3 64. Qe7+ Kh5 65. Qe8+ Qg6 66. Qe2+ Qg4+ 67. Qxg4+ Kxg4 68. Kc3 Kg3 69. Kd2 h5 70. Ke1 Kg2 0-1

[Event "POR-ch U14"]
[Site "Luso"]
[Date "2015.07.25"]
[Round "6"]
[White "Dias, Ruben"]
[Black "Rodrigues, Pedro Serpa Barata"]
[Result "1-0"]
[WhiteElo "1589"]
[BlackElo "1327"]
[PlyCount "125"]
[EventDate "2015.07.22"]
[EventType "swiss"]
[EventRounds "7"]
[EventCountry "POR"]
[SourceTitle "EXT 2018"]
[Source "ChessBase"]
[SourceDate "2017.10.13"]
[SourceVersion "1"]
[SourceVersionDate "2017.10.13"]
[SourceQuality "1"]

1. e4 c5 2. Nf3 Nc6 3. Bb5 g6 4. 0-0 Bg7 5. c3 a6 6. Qa4 Nf6 7. Bxc6 bxc6 8. Re1 0-0 9. d3 Bb7 10. h3 Qc7 11. Be3 d6 12. Qc2 Nd7 13. Qd2 e5 14. Bh6 d5 15. Bxg7 Kxg7 16. Na3 Rfe8 17. Nc2 d4 18. Red1 Rad8 19. c4 a5 20. Nce1 f6 21. Nh4 Nf8 22. Nef3 Ne6 23. g3 Bc8 24. Kg2 Rh8 25. Rh1 Kf7 26. Raf1 Ng7 27. Ng1 Nh5 28. Ne2 g5 29. Nf3 h6 30. Nc1 Be6 31. Nb3 Rb8 32. Nxc5 Qb6 33. Nxe6 Kxe6 34. Rb1 a4 35. Qc2 Qa6 36. b3 axb3 37. axb3 c5 38. Ra1 Qb6 39. Ra3 Ra8 40. Rha1 Rxa3 41. Rxa3 Rb8 42. Qa2 Kf7 43. Nd2 Ng7 44. Ra5 Ne6 45. Rb5 Qc7 46. Rxb8 Qxb8 47. Qa4 Qb7 48. Nb1 Ke7 49. Na3 Qb4 50. Qxb4 cxb4 51. Nc2 Nc5 52. Nxb4 Nxb3 53. Kf1 Kd6 54. Ke2 Kc5 55. Nd5 Na5 56. Nxf6 Nxc4 57. dxc4 Kxc4 58. Ng4 d3+ 59. Kd2 Kd4 60. f3 h5 61. Nf6 h4 62. gxh4 gxh4 63. Ng4 1-0

[Event "POR-ch U14"]
[Site "Luso"]
[Date "2015.07.23"]
[Round "2"]
[White "Dias, Ruben"]
[Black "Mendes, Afonso V Ferraz Sou"]
[Result "1/2-1/2"]
[WhiteElo "1589"]
[BlackElo "1353"]
[PlyCount "33"]
[EventDate "2015.07.22"]
[EventType "swiss"]
[EventRounds "7"]
[EventCountry "POR"]
[SourceTitle "EXT 2018"]
[Source "ChessBase"]
[SourceDate "2017.10.13"]
[SourceVersion "1"]
[SourceVersionDate "2017.10.13"]
[SourceQuality "1"]

1. e4 c5 2. Nf3 Nc6 3. Bb5 g6 4. 0-0 Bg7 5. c3 Qb6 6. Bxc6 bxc6 7. d3 Rb8 8. Na3 Ba6 9. Rb1 Qc7 10. Qe2 d6 11. Bf4 f6 12. Qe3 e5 13. Bg3 Ne7 14. Rfd1 Rd8 15. d4 cxd4 16. cxd4 0-0 17. Rbc1 1/2-1/2